000 00617nam a2200265Ia 4500
005 20260121165558.0
008 008 260114s9999 xx 000 0 eng d
020 _a9783658144074
037 _aEBOOK
040 _aCRL
040 _beng
040 _cCRL
041 _2eng
041 _aeng
084 _qCRL
100 _aThomas Hubauer
_91053469
245 0 _aRelaxed Abduction
260 _bSpringer
260 _bSpringer
260 _c2016
856 _uhttps://link.springer.com/openurl?genre=book&isbn=978-3-658-14407-4
942 _cEBOOK
999 _c1619195
_d1619195